000 01327nam a2200349Ia 4500
001 ebr10076697
003 CaPaEBR
006 m u
007 cr cn|||||||||
008 010326s2001 enka sb 001 0 eng d
010 _z 2001269384
020 _z0761963634
020 _z0761963642 (pbk.)
040 _aCaPaEBR
_cCaPaEBR
035 _a(OCoLC)79250357
050 1 4 _aHM500
_b.B35 2001eb
082 0 4 _a300.72
_221
100 1 _aBanks, Marcus.
245 1 0 _aVisual methods in social research
_h[electronic resource] /
_cMarcus Banks.
260 _aLondon :
_bSAGE,
_c2001.
300 _axvi, 201 p. :
_bill.
504 _aIncludes bibliographical references, filmography and index.
533 _aElectronic reproduction.
_bPalo Alto, Calif. :
_cebrary,
_d2009.
_nAvailable via World Wide Web.
_nAccess may be limited to ebrary affiliated libraries.
650 0 _aVisual sociology.
650 0 _aVisual anthropology.
650 0 _aPhotography in the social sciences.
650 0 _aSocial sciences
_xResearch
_xMethodology.
650 0 _aSocial sciences
_xResearch
_xElectronic information resources.
655 7 _aElectronic books.
_2local
710 2 _aebrary, Inc.
856 4 0 _uhttp://site.ebrary.com/lib/rucke/Doc?id=10076697
_zAn electronic book accessible through the World Wide Web; click to view
999 _c53484
_d53484